<?xml version="1.0" encoding="UTF-8"?><?xml-stylesheet type="text/xsl" href="static/style.xsl"?><OAI-PMH xmlns="http://www.openarchives.org/OAI/2.0/" xmlns:xsi="http://www.w3.org/2001/XMLSchema-instance" xsi:schemaLocation="http://www.openarchives.org/OAI/2.0/ http://www.openarchives.org/OAI/2.0/OAI-PMH.xsd"><responseDate>2026-04-27T19:46:04Z</responseDate><request verb="GetRecord" identifier="oai:uvadoc.uva.es:10324/2080" metadataPrefix="marc">https://uvadoc.uva.es/oai/request</request><GetRecord><record><header><identifier>oai:uvadoc.uva.es:10324/2080</identifier><datestamp>2021-06-29T09:28:22Z</datestamp><setSpec>com_10324_38</setSpec><setSpec>col_10324_852</setSpec></header><metadata><record xmlns="http://www.loc.gov/MARC21/slim" xmlns:doc="http://www.lyncode.com/xoai" xmlns:xsi="http://www.w3.org/2001/XMLSchema-instance" xmlns:dcterms="http://purl.org/dc/terms/" xsi:schemaLocation="http://www.loc.gov/MARC21/slim http://www.loc.gov/standards/marcxml/schema/MARC21slim.xsd">
<leader>00925njm 22002777a 4500</leader>
<datafield tag="042" ind1=" " ind2=" ">
<subfield code="a">dc</subfield>
</datafield>
<datafield tag="720" ind1=" " ind2=" ">
<subfield code="a">Martín de Celis, Andrea</subfield>
<subfield code="e">author</subfield>
</datafield>
<datafield tag="260" ind1=" " ind2=" ">
<subfield code="c">2012</subfield>
</datafield>
<datafield tag="520" ind1=" " ind2=" ">
<subfield code="a">El propósito de este proyecto, es presentar una alternativa para el empoderamiento de la mujer, alternativa que desarrollará una cooperativa dirigida al desarrollo personal, económico y social de las mujeres. Se trabajará medidas de orientación e información profesional, apoyo a la iniciativa formativa, incentivación a la contratación de mujeres, apoyo a la actividad empresarial femenina y a la realización de acciones que fomenten la igualdad de oportunidades de las mujeres de la Villa de Guardo.</subfield>
</datafield>
<datafield tag="520" ind1=" " ind2=" ">
<subfield code="a">The purpose of this project is to present an alternative to the empowerment of women, develop a cooperative alternative focused on developing personal, economic and social development of women. It will work orientation measures and professional information, support training initiative, incentives to hire women, support for female entrepreneurship and the implementation of measures to promote equal opportunities for women of the town of Guardo.</subfield>
</datafield>
<datafield tag="024" ind2=" " ind1="8">
<subfield code="a">http://uvadoc.uva.es/handle/10324/2080</subfield>
</datafield>
<datafield ind1=" " ind2=" " tag="653">
<subfield code="a">Igualdad - Mujeres</subfield>
</datafield>
<datafield tag="245" ind1="0" ind2="0">
<subfield code="a">Proyecto de intervención para el empoderamiento de las mujeres en Guardo</subfield>
</datafield>
</record></metadata></record></GetRecord></OAI-PMH>